书目信息 |
| 题名: |
无粘结预应力混凝土结构技术规程 JGJ/T92-93
|
|
| 作者: | 中国建筑科学研究院 主编 | |
| 分册: | ||
| 出版信息: | 北京 中国计划出版社 1994.05 |
|
| 页数: | 79页 | |
| 开本: | 32开 | |
| 丛书名: | ||
| 单 册: | ||
| 中图分类: | TU378-65 | |
| 科图分类: | ||
| 主题词: | 混凝土结构 , 钢筋混凝土结构 | |
| 电子资源: | ||
| ISBN: | ||
| 000 | 00692nam0 2200205 45 | |
| 001 | 0009240923 | |
| 005 | 20000924094547.2 | |
| 010 | @d5.00元 | |
| 100 | @a20000924d1994 km y0chiy0120 ea | |
| 101 | 0 | @achi |
| 105 | @a z 000yy | |
| 200 | 1 | @a无粘结预应力混凝土结构技术规程 JGJ/T92-93@AWu NianJie Yu Ying Li Hun Ning Tu Jie Gou Ji Shu Gui Cheng JGJ/T92-93@f中国建筑科学研究院主编@FZhong Guo Jian Zhu Ke Xue Yan Jiu Yuan Zhu Bian |
| 210 | @a北京@c中国计划出版社@d1994.05 | |
| 215 | @a79页@d32开 | |
| 606 | 0 | @a混凝土结构 |
| 606 | 0 | @a钢筋混凝土结构 |
| 690 | @aTU378-65@v3 | |
| 701 | 0 | @a中国建筑科学研究院@4主编 |
| 801 | @aCN@bPftUser@c20000924 | |
| 905 | @dTU378-65@eZH:345@b152110-113@f4 | |
| 无粘结预应力混凝土结构技术规程 JGJ/T92-93/中国建筑科学研究院主编.-北京:中国计划出版社,1994.05 |
| 79页;32开 |
| ISBN :5.00元 |
| ● |
| 相关链接 |
|
|
|
正题名:无粘结预应力混凝土结构技术规程JGJ/T92-93
索取号:TU378-65/ZH:345
 
预约/预借
| 序号 | 登录号 | 条形码 | 馆藏地/架位号 | 状态 | 备注 |
| 1 | 152110 | 201521102 | 建筑库101/404自科库 27排5列1层/ [索取号:TU378-65/ZH:345] | 在馆 | |
| 2 | 152111 | 201521111 | 建筑库101/404自科库 27排5列1层/ [索取号:TU378-65/ZH:345] | 在馆 | |
| 3 | 152112 | 201521120 | 建筑库101/404自科库 27排5列1层/ [索取号:TU378-65/ZH:345] | 在馆 | |
| 4 | 152113 | 201521139 | 建筑库101/404自科库 25排5列1层/ [索取号:TU378-65/ZH:345] | 在馆 |